000 00374 a2200121 4500
000 nam a22 7a 4500
005 20260507153532.0
020 _a9788171381296
100 _aमृदुला सिन्हा
_91238783
245 _aमात्र देह नहीं है औरत
260 _bसामयिक प्रकाशन
_c2024
942 _cTEXL
999 _c1851122
_d1851122